[Event "TCh-TUR 2011"]
[Site "Konya TUR"]
[Date "2011.06.29"]
[Round "2"]
[White "Dastan, Batuhan"]
[Black "Ersoz, Bartu"]
[Result "1-0"]
[WhiteElo "2191"]
[BlackElo "1789"]
[WhiteTeam "Gazi Universitesi S.K."]
[BlackTeam "Istanbul Teknik Universitesi S.K."]
[WhiteFideId "6300014"]
[BlackFideId "6324312"]
[EventDate "2011.06.28"]

1. e4 c5 2. Nf3 d6 3. d4 cxd4 4. Nxd4 Nf6 5. Nc3 g6 6. Be3 Bg7 7. f3 O-O 8. Qd2
Nc6 9. O-O-O d5 10. Kb1 Nxd4 11. e5 Nf5 12. exf6 exf6 13. Bc5 d4 14. Bxf8 Qxf8
15. Nb5 Ne3 16. Re1 f5 17. Nxd4 f4 18. c3 Qd8 19. Rxe3 fxe3 20. Qxe3 Bd7 21. Bd3
Qb6 22. Qf4 Rc8 23. Rc1 Re8 24. Bc4 Qf6 25. Qxf6 Bxf6 26. Bd3 Kf8 27. Be4 b6 28.
Kc2 Be5 29. g3 f5 30. Bd3 Rd8 31. Kd2 Bg7 32. Re1 Re8 33. Rxe8+ Kxe8 34. Bb5 Kd8
35. Bxd7 Kxd7 36. Kd3 a6 37. g4 fxg4 38. fxg4 Kd6 39. Ke4 Bh6 40. Nf3 Bc1 41.
Ne5 b5 42. Nd3 Bh6 43. b3 Bg7 44. c4 bxc4 45. bxc4 a5 46. Ke3 Bh6+ 47. Ke2 Bg5
48. Kd1 h5 49. h3 hxg4 50. hxg4 Bd8 51. Kc2 Ke6 52. Kc3 Kf6 53. Kd4 Kg5 54. Ne5
Bc7 55. Kd5 Kf6 56. Nf3 Ke7 57. Nd4 Kf6 58. g5+ Ke7 59. Nc6+ Ke8 60. Ke6 Bf4 61.
Kf6 a4 1-0

[Event "TCh-TUR 2011"]
[Site "Konya TUR"]
[Date "2011.06.29"]
[Round "2"]
[White "Yolal, Sena Gokcen"]
[Black "Sahin, Handenur"]
[Result "1-0"]
[WhiteElo "1653"]
[BlackElo "1738"]
[WhiteTeam "Istanbul Teknik Universitesi S.K."]
[BlackTeam "Gazi Universitesi S.K."]
[WhiteFideId "6337031"]
[BlackFideId "6334865"]
[EventDate "2011.06.28"]

1. e4 e5 2. Bc4 Nf6 3. d3 Nc6 4. Nf3 h6 5. c3 Bc5 6. h3 d6 7. Bb3 O-O 8. Nbd2
Be6 9. Bc2 Qe7 10. Nf1 d5 11. Qe2 dxe4 12. dxe4 a6 13. Ng3 Nd7 14. Nh2 Rad8 15.
Ng4 Qh4 16. Qf3 Kh8 17. Nf5 Bxf5 18. exf5 h5 19. Ne3 Bxe3 20. Bxe3 Nf6 21. g4 e4
22. Qg2 Ne5 23. Ke2 Nc4 24. g5 Nxe3 25. fxe3 Nh7 26. Rhg1 Rd6 27. Rad1 Rxd1 28.
Bxd1 Rd8 29. Bb3 Rf8 30. Bd5 f6 31. gxf6 Qxf6 32. Bxe4 b5 33. Qf3 Qh6 34. Bd3
Re8 35. Rg6 Ng5 36. Rxh6+ gxh6 37. Qxh5 1-0

[Event "TCh-TUR 2011"]
[Site "Konya TUR"]
[Date "2011.06.29"]
[Round "2"]
[White "Ipatov, Alexander ESP"]
[Black "Nyzhnyk, Illya"]
[Result "1-0"]
[WhiteTitle "IM"]
[BlackTitle "GM"]
[WhiteElo "2536"]
[BlackElo "2583"]
[WhiteTeam "Istanbul Teknik Universitesi S.K."]
[BlackTeam "Gazi Universitesi S.K."]
[WhiteFideId "14116731"]
[BlackFideId "14118084"]
[EventDate "2011.06.28"]

1. d4 d5 2. c4 dxc4 3. Nf3 Nf6 4. Na3 c5 5. Nxc4 Nc6 6. dxc5 Qxd1+ 7. Kxd1 Ne4
8. Be3 e6 9. Rc1 Nxc5 10. Nd4 Nxd4 11. Bxd4 b6 12. f3 Bb7 13. Kc2 Rd8 14. e3 f6
15. Be2 Be7 16. Rhd1 Kf7 17. Bc3 e5 18. e4 Ne6 19. b4 Nd4+ 20. Bxd4 exd4 21. Kb3
g6 22. Nb2 Bd6 23. Rxd4 Bxh2 24. Rxd8 Rxd8 25. Rh1 1-0

[Event "TCh-TUR 2011"]
[Site "Konya TUR"]
[Date "2011.06.29"]
[Round "2"]
[White "Cinar Corlulu, Nilufer"]
[Black "Asan, Elvan"]
[Result "1-0"]
[WhiteTitle "WIM"]
[WhiteElo "1991"]
[BlackElo "1812"]
[WhiteTeam "Gazi Universitesi S.K."]
[BlackTeam "Istanbul Teknik Universitesi S.K."]
[WhiteFideId "6300243"]
[BlackFideId "6312209"]
[EventDate "2011.06.28"]

1. e4 e5 2. Nf3 Nc6 3. Bb5 a6 4. Ba4 Nf6 5. O-O Be7 6. Re1 b5 7. Bb3 d6 8. c3
O-O 9. d3 Na5 10. Bc2 c5 11. Nbd2 Nc6 12. a4 Rb8 13. Nf1 Re8 14. Ng3 Bf8 15. h3
g6 16. d4 Qc7 17. d5 Nd8 18. axb5 axb5 19. Nh2 Bg7 20. Bg5 h6 21. Be3 Kh7 22.
Rf1 Qe7 23. Qd2 Ng8 24. f4 exf4 25. Bxf4 Be5 26. Nf3 Bxf4 27. Qxf4 Kg7 28. Rae1
Qf6 29. Qd2 Re5 30. Nxe5 Qxe5 31. Qf4 Qxf4 32. Rxf4 Ra8 33. Rf2 c4 34. e5 dxe5
35. Rxe5 Nf6 36. Ne4 Nd7 37. Re8 Bb7 38. Re7 Bc8 39. Nd6 Nf6 40. Nxc8 Rxc8 41.
Rd2 Kf8 42. Ra7 Rc5 43. d6 Re5 44. Ra8 Ke8 45. Kf2 1-0

[Event "TCh-TUR 2011"]
[Site "Konya TUR"]
[Date "2011.06.29"]
[Round "2"]
[White "Galkin, Alexander"]
[Black "Miroshnichenko, Evgenij"]
[Result "1/2-1/2"]
[WhiteTitle "GM"]
[BlackTitle "GM"]
[WhiteElo "2598"]
[BlackElo "2651"]
[WhiteTeam "Celikkol Turizm Pamukkale Universitesi S.K."]
[BlackTeam "Adana Truva Satranc S.K."]
[WhiteFideId "4120426"]
[BlackFideId "14102595"]
[EventDate "2011.06.28"]

1. Nf3 d5 2. d4 Nf6 3. c4 e6 4. e3 b6 5. b3 Bb7 6. Nc3 Nbd7 7. Bb2 Bd6 8. Bd3
O-O 9. O-O a6 10. Rc1 Qe7 11. cxd5 exd5 12. Na4 Ne4 13. Ne5 f6 14. Bxe4 dxe4 15.
Nc4 Rac8 16. Nxd6 cxd6 17. Qd2 d5 18. Rxc8 Rxc8 19. Rc1 Rxc1+ 20. Qxc1 Qd6 21.
Ba3 Qc6 22. Qxc6 Bxc6 23. Nc3 Kf7 24. Bd6 Ke6 25. Bc7 b5 26. a3 g5 27. h3 Nf8
28. Bd8 Ng6 29. Ne2 Nh4 30. Bb6 Be8 31. Nc3 Bc6 32. Na2 Bb7 33. Nc1 Bc8 34. b4
Kf7 35. Nb3 Nf5 36. Bc7 h5 37. Nc5 Ng7 38. Kh2 Nf5 39. Kg1 Ng7 40. Kh2 Nf5 41.
Kg1 1/2-1/2

[Event "TCh-TUR 2011"]
[Site "Konya TUR"]
[Date "2011.06.29"]
[Round "2"]
[White "Esen, Baris"]
[Black "Odeev, Handszar"]
[Result "1-0"]
[WhiteTitle "GM"]
[BlackTitle "GM"]
[WhiteElo "2553"]
[BlackElo "2405"]
[WhiteTeam "Adana Truva Satranc S.K."]
[BlackTeam "Celikkol Turizm Pamukkale Universitesi S.K."]
[WhiteFideId "6302114"]
[BlackFideId "14000091"]
[EventDate "2011.06.28"]

1. d4 Nf6 2. c4 g6 3. Nf3 Bg7 4. g3 O-O 5. Bg2 d5 6. O-O dxc4 7. Na3 c3 8. bxc3
c5 9. e3 Nc6 10. Qe2 Bf5 11. Rd1 Qb6 12. Bd2 Rfd8 13. Be1 Rac8 14. h3 Be4 15.
Bf1 Qa5 16. Nc4 Qa4 17. Nfd2 Bd5 18. Nb2 Qc2 19. Nd3 cxd4 20. cxd4 b6 21. a4 Bc4
22. Nxc4 Qxc4 23. Qb2 Qe6 24. Bg2 Nd5 25. Rac1 Qd6 26. Qb5 e6 27. Rc4 Nce7 28.
Rdc1 Rxc4 29. Rxc4 f5 30. Qa6 Qb8 31. Rc2 Kf7 32. Nb4 Bf8 33. g4 Nxb4 34. Bxb4
Rc8 35. Rxc8 Nxc8 36. Bxf8 Kxf8 37. Qc4 Ke7 38. gxf5 gxf5 39. d5 exd5 40. Qh4+
Kd7 41. Bxd5 Qe5 42. Qxh7+ Ne7 43. Bb3 b5 44. axb5 Qxb5 45. Qf7 Qc6 46. h4 Qg6+
47. Kh2 Qxf7 48. Bxf7 Nc6 49. Kg3 Ke7 50. Bb3 Kf6 51. f4 a5 52. Kf3 Kg6 53. Ba4
Nd8 54. Be8+ Kf6 55. Ke2 Ne6 56. Kd3 Nc5+ 57. Kc2 Ne4 58. h5 Nf2 59. Kc3 Ng4 60.
Kd4 Nh6 61. Ba4 Ng4 62. Bc2 Ke6 63. Bd1 Nf2 64. h6 Kf6 65. Bc2 Ng4 66. h7 Kg7
67. Bxf5 Nf6 68. Bc2 1-0

[Event "TCh-TUR 2011"]
[Site "Konya TUR"]
[Date "2011.06.29"]
[Round "2"]
[White "Reyhan, Dogan Heval"]
[Black "Haznedaroglu, Kivanc"]
[Result "1/2-1/2"]
[WhiteTitle "FM"]
[BlackTitle "GM"]
[WhiteElo "2343"]
[BlackElo "2444"]
[WhiteTeam "Celikkol Turizm Pamukkale Universitesi S.K."]
[BlackTeam "Adana Truva Satranc S.K."]
[WhiteFideId "6301290"]
[BlackFideId "6300634"]
[EventDate "2011.06.28"]

1. e4 e5 2. Nf3 Nc6 3. d4 exd4 4. Nxd4 Nf6 5. Nxc6 bxc6 6. Nd2 d6 7. Bd3 Be7 8.
O-O O-O 9. c3 Nd7 10. f4 Nc5 11. Bc2 f5 12. exf5 Bxf5 13. Bxf5 Rxf5 14. b4 Nd7
15. Nb3 c5 1/2-1/2

[Event "TCh-TUR 2011"]
[Site "Konya TUR"]
[Date "2011.06.29"]
[Round "2"]
[White "Erdogdu, Mert"]
[Black "Salepci, Osman Firat"]
[Result "1-0"]
[WhiteTitle "IM"]
[WhiteElo "2434"]
[BlackElo "2154"]
[WhiteTeam "Adana Truva Satranc S.K."]
[BlackTeam "Celikkol Turizm Pamukkale Universitesi S.K."]
[WhiteFideId "6301495"]
[BlackFideId "6302343"]
[EventDate "2011.06.28"]

1. e4 e5 2. Nf3 Nc6 3. Bc4 Nf6 4. d3 Be7 5. O-O O-O 6. Re1 d6 7. a4 Na5 8. Ba2
c5 9. Nc3 Nc6 10. Nd5 Nxd5 11. Bxd5 Be6 12. c3 Qd7 13. Qb3 Bf6 14. Ng5 Bxg5 15.
Bxg5 Bxd5 16. exd5 Nd8 17. d4 f6 18. Bd2 Nf7 19. Qb5 Qxb5 20. axb5 cxd4 21. cxd4
Rfc8 22. dxe5 Nxe5 23. Rec1 Nd3 24. Rc3 Rxc3 25. bxc3 a5 26. bxa6 Rxa6 27. Rb1
Ra2 28. Be3 Rc2 29. Rxb7 Rxc3 30. Rb6 Ne5 31. h3 Rd3 32. Rxd6 Kf7 33. Bf4 Ng6
34. Be3 Rd1+ 35. Kh2 Ne7 36. Ra6 Rxd5 37. Ra7 Ke6 38. g4 h5 39. Kg3 hxg4 40.
hxg4 g6 41. f3 Rd7 42. Ra8 Rd3 43. Bc5 Nc6 44. Ra6 Kd5 45. Bf8 f5 46. Bg7 fxg4
47. Kxg4 Rd1 48. Bf6 Ne5+ 49. Bxe5 Kxe5 50. f4+ Ke4 51. Re6+ Kd5 52. Rxg6 Rf1
53. Kf5 Rf2 54. Rg1 Kd6 55. Re1 Kd7 56. Kg5 Rg2+ 57. Kf6 Rf2 58. f5 Rf3 59. Kg6
Rf2 60. f6 Rf3 61. Kg7 Rg3+ 62. Kf8 Rg2 63. f7 Rg3 64. Rd1+ Kc7 65. Rd4 Rg1 66.
Ke7 Re1+ 67. Kf6 Rf1+ 68. Ke6 Rf2 69. Rd5 1-0

[Event "TCh-TUR 2011"]
[Site "Konya TUR"]
[Date "2011.06.29"]
[Round "2"]
[White "Vovk, Andrey"]
[Black "Okus, Melih"]
[Result "1/2-1/2"]
[WhiteTitle "GM"]
[WhiteElo "2545"]
[BlackElo "1893"]
[WhiteTeam "Adana Truva Satranc S.K."]
[BlackTeam "Celikkol Turizm Pamukkale Universitesi S.K."]
[WhiteFideId "14114470"]
[BlackFideId "6305407"]
[EventDate "2011.06.28"]

1. e4 c5 2. Nf3 Nc6 3. d4 cxd4 4. Nxd4 g6 5. Nc3 Bg7 6. Be3 Nf6 7. Bc4 O-O 8.
Bb3 d6 9. f3 Bd7 10. Qd2 Nxd4 11. Bxd4 b5 12. a3 a5 13. O-O Bc6 14. Rfe1 Nd7 15.
Bxg7 Kxg7 16. Nd5 Bxd5 17. exd5 Nc5 18. Ba2 Re8 19. Re3 Qc7 20. Rae1 Ra7 21. Kh1
Qd7 22. c3 Kg8 23. Bb1 Na4 24. Re4 Nc5 25. R4e2 Rc7 26. Qd4 e5 27. dxe6 Rxe6 28.
Rxe6 Nxe6 29. Qb6 Nc5 30. Bc2 a4 31. Rd1 Rb7 32. Qa5 Qe7 33. Be4 Nxe4 34. fxe4
Qxe4 35. Qd8+ Kg7 36. Qxd6 Re7 37. h3 Qe5 38. Qb4 Qe2 39. Rd5 Re5 40. Qd4 f6 41.
Rd7+ Re7 42. Rd6 Qe1+ 43. Kh2 Qe5+ 44. Kg1 Qe1+ 45. Kh2 Qe5+ 46. Qxe5 Rxe5 47.
Rb6 h5 48. h4 g5 49. Kg3 Kg6 50. hxg5 Kxg5 51. c4 bxc4 52. Rb4 Re3+ 53. Kh2 Rb3
54. Rxc4 Rxb2 55. Rxa4 Ra2 56. Kh3 f5 57. Ra8 Ra1 58. Kh2 Kf4 59. a4 Ra3 60. a5
h4 61. a6 h3 62. gxh3 Ra2+ 63. Kg1 Kf3 64. a7 Ra1+ 65. Kh2 Ra2+ 66. Kg1 Ra1+ 1/2-1/2

[Event "TCh-TUR 2011"]
[Site "Konya TUR"]
[Date "2011.06.29"]
[Round "2"]
[White "Komut, Kaan"]
[Black "Coban, Mete Sadik"]
[Result "1-0"]
[WhiteElo "1917"]
[BlackElo "1922"]
[WhiteTeam "Celikkol Turizm Pamukkale Universitesi S.K."]
[BlackTeam "Adana Truva Satranc S.K."]
[WhiteFideId "6309992"]
[BlackFideId "6309615"]
[EventDate "2011.06.28"]

1. e4 c5 2. Nf3 d6 3. c3 Nf6 4. Be2 e6 5. O-O Nc6 6. d3 Be7 7. Re1 O-O 8. Bf1 d5
9. e5 Nd7 10. d4 f6 11. exf6 Nxf6 12. Bd3 cxd4 13. cxd4 Bd6 14. h3 Qc7 15. Nc3
a6 16. a3 Bd7 17. Bg5 Rf7 18. Qc2 Raf8 19. Be3 Bf4 20. Qd2 Nh5 21. Bxf4 Nxf4 22.
Ng5 Rf5 23. Bxf5 Rxf5 24. Ne2 Nxe2+ 25. Rxe2 Nxd4 26. Qxd4 Rxg5 27. Rae1 Rf5 28.
Re5 Rf7 29. R5e3 Re7 30. Rc3 Qd6 31. Qc5 Qxc5 32. Rxc5 Bc6 33. f4 Kf7 34. Kf2
Ke8 35. g3 Kd7 36. Re5 Kd6 37. Rc1 Re8 38. Ke3 g6 39. Kd4 Bb5 40. Rce1 Bd7 41.
Rc1 Bb5 42. b3 Bd7 43. Rc3 Rf8 44. Rc2 Re8 45. h4 b6 46. h5 Rg8 47. Rg5 Rg7 48.
hxg6 hxg6 49. Rh2 Rg8 50. Rh7 Bb5 51. a4 Be2 52. Rh6 Bd1 53. Rgxg6 Rxg6 54. Rxg6
Bxb3 55. f5 b5 56. axb5 axb5 57. Rxe6+ Kd7 58. Re3 Bc4 59. f6 1-0

[Event "TCh-TUR 2011"]
[Site "Konya TUR"]
[Date "2011.06.29"]
[Round "2"]
[White "Soysal, Serkan"]
[Black "Yuksel, Atilla Koksal"]
[Result "1/2-1/2"]
[BlackTitle "CM"]
[WhiteElo "1795"]
[BlackElo "2035"]
[WhiteTeam "Celikkol Turizm Pamukkale Universitesi S.K."]
[BlackTeam "Adana Truva Satranc S.K."]
[WhiteFideId "6349250"]
[BlackFideId "6306667"]
[EventDate "2011.06.28"]

1. d4 d5 2. Nf3 Nf6 3. Bf4 c5 4. c3 Nc6 5. e3 Qb6 6. Qb3 c4 7. Qc2 Bf5 8. Qc1 h6
9. h4 e6 10. Nbd2 Be7 11. Be2 O-O 12. Ne5 Nxe5 13. Bxe5 Qd8 14. Bg3 b5 15. b3
Qb6 16. Be5 Rfc8 17. Bxf6 Bxf6 18. a4 b4 19. bxc4 b3 20. Qb2 dxc4 21. Nxc4 Rxc4
22. Bxc4 Bc2 23. O-O Rc8 24. a5 Qb7 25. Be2 Bxh4 26. Bd1 Bd3 27. Be2 Bc2 28. Bd1
Bd3 29. Re1 Rb8 30. Ra4 Be7 31. Bf3 Qb5 32. Raa1 Bd8 33. Be2 Bxe2 34. Qxe2 b2
35. Rab1 Bxa5 36. Qxb5 Rxb5 37. c4 Rb3 38. Re2 Bc3 39. Rc2 a5 40. c5 a4 41. Rxc3
Rxc3 42. Rxb2 Kf8 43. Rb8+ Ke7 44. Kf1 a3 45. Ra8 Rc1+ 46. Ke2 Rc2+ 47. Kf3 a2
48. Ra7+ Kf6 49. c6 h5 50. c7 g5 51. Rxa2 Rxc7 52. Ra8 Rc3 53. Ra6 g4+ 54. Kg3
Kg5 55. Ra5+ f5 56. f4+ Kf6 57. Re5 Rd3 58. Kh4 Rd2 59. Kxh5 Rxg2 60. Kh4 Rd2
61. Kg3 Rd1 62. Kf2 Rd3 63. Kg3 Ra3 64. Kg2 Ra2+ 65. Kg3 Re2 66. Kh4 Rd2 67. Kg3
Rd3 68. Kg2 Rc3 69. Kf2 Rd3 70. Kg2 Ra3 71. Kf2 Ra6 72. d5 Rd6 73. dxe6 Rxe6 74.
Ra5 Rc6 75. Re5 Rb6 76. Ra5 Rd6 77. Re5 Rd2+ 78. Kg3 Ra2 79. Rb5 Ra6 80. Rc5 Re6
81. Kf2 Kg6 82. Rd5 Ra6 83. Re5 Kf6 84. Rb5 Ra2+ 85. Kg3 Re2 86. Re5 Re1 87. Kf2
Rh1 88. Kg2 Rh3 89. Re8 Kg6 90. Re6+ Kf7 91. Re5 Kf6 92. Re8 Rh7 93. Rb8 Re7 94.
Kf2 Re6 95. Rb5 Ra6 96. Re5 Kg6 97. Rb5 Re6 98. Rc5 Kf6 99. Rb5 Rc6 100. Re5
Rc2+ 101. Kg3 Re2 102. Re8 Rb2 103. Re5 Rd2 104. Re8 Rb2 105. Re5 Ra2 106. Re8
Ra5 107. Rb8 Ke6 108. Re8+ Kd6 109. Rd8+ Ke7 110. Rd3 Ke6 111. Rd4 Rd5 112. Ra4
Rb5 113. Rd4 Rb1 114. Rd8 Rb5 115. Rd4 Rd5 116. Ra4 Kd6 117. e4 Rd3+ 118. Kg2 1/2-1/2

[Event "TCh-TUR 2011"]
[Site "Konya TUR"]
[Date "2011.06.29"]
[Round "2"]
[White "Savchenko, Boris"]
[Black "Arutinian, David"]
[Result "1-0"]
[WhiteTitle "GM"]
[BlackTitle "GM"]
[WhiteElo "2630"]
[BlackElo "2564"]
[WhiteTeam "Manisa Doruk Koleji S.K."]
[BlackTeam "Yesilkoy Spor Kulubu"]
[WhiteFideId "4147332"]
[BlackFideId "13601741"]
[EventDate "2011.06.28"]

1. e4 c6 2. d4 d5 3. e5 Bf5 4. h4 h5 5. c4 e6 6. Nc3 Ne7 7. Nge2 dxc4 8. Ng3 Nd7
9. Bxc4 Qb6 10. Bg5 Bg6 11. O-O O-O-O 12. Re1 Nxe5 13. Rxe5 f6 14. Qe2 Kb8 15.
Rb5 cxb5 16. Bf4+ e5 17. dxe5 bxc4 18. exf6+ Ka8 19. fxe7 Bxe7 20. Qxe7 Qxb2 21.
Rc1 Bc2 22. Qxg7 Rhg8 23. Qe5 Rd3 24. Nb5 Qxe5 25. Bxe5 Rd1+ 26. Rxd1 Bxd1 27.
f3 a6 28. Nc3 Re8 29. Bf6 b5 30. a3 Bc2 31. Nxh5 Kb7 32. Ng7 Rf8 33. Be5 Rf7 34.
h5 Kc6 35. h6 Bh7 36. Ne4 Re7 37. Bc3 Rd7 38. Nf6 Rd3 39. Nxh7 Rxc3 40. Nf6 Rd3
41. h7 1-0

[Event "TCh-TUR 2011"]
[Site "Konya TUR"]
[Date "2011.06.29"]
[Round "2"]
[White "Sanikidze, Tornike"]
[Black "Erturan, Yakup"]
[Result "1-0"]
[WhiteTitle "GM"]
[BlackTitle "IM"]
[WhiteElo "2524"]
[BlackElo "2346"]
[WhiteTeam "Yesilkoy Spor Kulubu"]
[BlackTeam "Manisa Doruk Koleji S.K."]
[WhiteFideId "13602608"]
[BlackFideId "6301410"]
[EventDate "2011.06.28"]

1. d4 d5 2. Nf3 Nf6 3. c4 c6 4. cxd5 cxd5 5. Nc3 Nc6 6. Bf4 a6 7. Ne5 e6 8. Nxc6
bxc6 9. g3 Bd6 10. Qd2 Bxf4 11. Qxf4 Bd7 12. Bg2 Qb6 13. Rb1 c5 14. dxc5 Qxc5
15. O-O O-O 16. Rfc1 Qb6 17. e4 dxe4 18. Nxe4 Nxe4 19. Bxe4 Rac8 20. Rd1 Bb5 21.
b3 f5 22. Bd3 Rfd8 23. Bxb5 Qxb5 24. Rxd8+ Rxd8 25. Re1 Qd5 26. Qc7 Rd6 27. Qe7
h6 28. h4 f4 29. gxf4 e5 30. f5 Qd4 31. Qxe5 Qd2 32. Re3 Rf6 33. Rg3 Qd8 34. Rg6
Rf7 35. f6 Qd1+ 36. Kh2 Qf3 37. Qg3 Rxf6 38. Rxg7+ 1-0

[Event "TCh-TUR 2011"]
[Site "Konya TUR"]
[Date "2011.06.29"]
[Round "2"]
[White "Secer, Ata"]
[Black "Brunello, Marina"]
[Result "1-0"]
[WhiteTitle "FM"]
[BlackTitle "WIM"]
[WhiteElo "2329"]
[BlackElo "2177"]
[WhiteTeam "Manisa Doruk Koleji S.K."]
[BlackTeam "Yesilkoy Spor Kulubu"]
[WhiteFideId "6303293"]
[BlackFideId "822590"]
[EventDate "2011.06.28"]

1. e4 c5 2. Nf3 d6 3. d4 cxd4 4. Nxd4 Nf6 5. Nc3 a6 6. Be3 e6 7. f3 b5 8. Qd2 b4
9. Na4 e5 10. Nf5 Bxf5 11. exf5 Nbd7 12. g4 Qa5 13. b3 h6 14. Bg2 Rc8 15. O-O-O
Be7 16. h4 Qc7 17. Qe2 d5 18. Rhe1 Kf8 19. g5 Nh5 20. Rxd5 Ng3 21. Qd2 Rd8 22.
Rd1 Ke8 23. f4 Nxf5 24. Bh3 g6 25. Bxf5 gxf5 26. fxe5 Nf8 27. Rxd8+ Qxd8 28. Qg2
Qc8 29. Nb6 Qc7 30. Qa8+ Bd8 31. Nd5 1-0

[Event "TCh-TUR 2011"]
[Site "Konya TUR"]
[Date "2011.06.29"]
[Round "2"]
[White "Aydogdu, Erkmen"]
[Black "Shimanov, Aleksandr"]
[Result "0-1"]
[BlackTitle "GM"]
[WhiteElo "2031"]
[BlackElo "2583"]
[WhiteTeam "Yesilkoy Spor Kulubu"]
[BlackTeam "Manisa Doruk Koleji S.K."]
[WhiteFideId "6303064"]
[BlackFideId "4198603"]
[EventDate "2011.06.28"]

1. d4 Nf6 2. c4 g6 3. Nc3 Bg7 4. e4 O-O 5. f4 d6 6. Nf3 Na6 7. Be2 Nd7 8. O-O e5
9. dxe5 dxe5 10. f5 c6 11. Qe1 Nb4 12. Qg3 Nc2 13. Rb1 Nd4 14. Nxd4 exd4 15. Nd1
Ne5 16. Bd3 Re8 17. Nf2 c5 18. Ng4 Nxd3 19. Qxd3 Qh4 20. Qf3 Kh8 21. b4 cxb4 22.
Rb3 b5 23. Qf4 g5 24. Qxg5 Qxg5 25. Bxg5 Rxe4 26. Nf6 Re5 27. Rxb4 bxc4 28. g4
h6 29. Bh4 Ba6 30. Nh5 Re4 31. h3 c3 32. Rc1 Rc8 33. Nxg7 Kxg7 34. Bf2 Rc4 35.
Rxc4 Bxc4 36. Kg2 Bxa2 0-1

[Event "TCh-TUR 2011"]
[Site "Konya TUR"]
[Date "2011.06.29"]
[Round "2"]
[White "Alev, Gonulden Seda"]
[Black "Patel, Yesim"]
[Result "1/2-1/2"]
[WhiteElo "1605"]
[BlackElo "1804"]
[WhiteTeam "Yesilkoy Spor Kulubu"]
[BlackTeam "Manisa Doruk Koleji S.K."]
[WhiteFideId "6301428"]
[BlackFideId "6300200"]
[EventDate "2011.06.28"]

1. e4 c5 2. Nf3 Nc6 3. d4 cxd4 4. Nxd4 e5 5. Nb3 Nf6 6. Nc3 Bb4 7. Bd3 d5 8.
exd5 Nxd5 9. Bd2 Nxc3 10. bxc3 Be7 11. O-O O-O 12. Re1 Be6 13. Be3 b6 14. Qe2
Qc7 15. Bd2 Rad8 16. Rad1 Rfe8 17. Bb5 Bf6 18. c4 Bd7 19. Qf3 Ne7 20. Bxd7 Rxd7
21. Re4 Red8 22. h4 Ng6 23. h5 Nf4 24. Qg4 Qc6 25. Rde1 Ne6 26. Be3 Kh8 27. Qf5
Rd1 28. Rxd1 Rxd1+ 29. Kh2 Nf8 30. Qg4 Qd7 31. c5 bxc5 32. Qxd7 Nxd7 33. Nxc5
Nxc5 34. Bxc5 Rd7 35. f4 h6 36. fxe5 Be7 37. Bxe7 Rxe7 38. Kg3 Kg8 39. Kf4 Kf8
40. c4 Rc7 41. Rd4 Ke7 42. Re4 Rc5 43. a3 Ke6 44. g3 Ra5 45. Re3 Rc5 46. Re4 Ra5
47. Re3 Rc5 1/2-1/2

[Event "TCh-TUR 2011"]
[Site "Konya TUR"]
[Date "2011.06.29"]
[Round "2"]
[White "Ozcan, Kerem"]
[Black "Deviren, Erdi"]
[Result "0-1"]
[WhiteElo "1578"]
[BlackElo "1927"]
[WhiteTeam "Manisa Doruk Koleji S.K."]
[BlackTeam "Yesilkoy Spor Kulubu"]
[WhiteFideId "6310486"]
[BlackFideId "6319831"]
[EventDate "2011.06.28"]

1. e4 c5 2. Nf3 d6 3. d4 cxd4 4. Qxd4 Nc6 5. Bb5 Bd7 6. Bxc6 Bxc6 7. Nc3 Nf6 8.
Bg5 e6 9. O-O-O Be7 10. Qd3 O-O 11. Nd4 a6 12. f4 Qa5 13. f5 Bd7 14. h4 b5 15.
Nb3 Qc7 16. e5 d5 17. exf6 gxf6 18. Bh6 Rfc8 19. Qe2 Kh8 20. Kb1 Bd6 21. Qd2 b4
22. Ne2 a5 23. Nec1 a4 24. Na1 b3 25. Be3 e5 26. g4 d4 27. cxb3 axb3 28. Naxb3
Ba4 29. Bf2 Qa7 30. Bxd4 exd4 31. Qxd4 Qxd4 32. Rxd4 Be5 33. Rd2 Rc4 34. Nd3
Rxg4 35. Nxe5 fxe5 36. Re2 Bc6 37. Rhe1 f6 38. Nd2 Rd8 39. Ne4 Kg7 40. h5 Rh4
41. Nc5 Kf7 42. Ne6 Rd7 43. h6 Bf3 44. Re3 Bg4 45. Rf1 Bxf5+ 46. Rxf5 Kxe6 47.
Rf1 f5 48. Ra3 f4 49. Ra6+ Kf5 50. Ra5 Re7 51. b4 Kg4 52. b5 f3 53. Ra4+ e4 54.
b6 Rxh6 55. Rb4 Rb7 56. Rxe4+ Kg3 57. Re3 Rhxb6+ 58. Ka1 Rf7 59. Ree1 f2 60. Rc1
Kg2 61. a4 Rf4 62. Rxf2+ Kxf2 63. Rc2+ Kg3 64. Ra2 Ra6 65. a5 Rf5 66. Ra3+ Kg4 0-1

[Event "TCh-TUR 2011"]
[Site "Konya TUR"]
[Date "2011.06.29"]
[Round "2"]
[White "Atalik, Suat"]
[Black "Gurcan, Selim"]
[Result "1-0"]
[WhiteTitle "GM"]
[BlackTitle "FM"]
[WhiteElo "2616"]
[BlackElo "2240"]
[WhiteTeam "Isek Aquamatch S.K."]
[BlackTeam "Bursa Tophane Meslek Lisesi S.K."]
[WhiteFideId "14401487"]
[BlackFideId "6300383"]
[EventDate "2011.06.28"]

1. d4 e6 2. g3 c5 3. Nf3 b6 4. d5 Nf6 5. c4 exd5 6. cxd5 d6 7. Nc3 g6 8. Bg2 Bg7
9. O-O O-O 10. Re1 Re8 11. h3 Bb7 12. e4 b5 13. Bf4 Nh5 14. Nxb5 Nxf4 15. gxf4
Bxb2 16. Rb1 Bg7 17. Nxd6 Qxd6 18. Rxb7 Qxf4 19. Qa4 Rc8 20. Qc4 a5 21. Rc1 Na6
22. d6 Nb4 23. e5 Qf5 24. Ng5 Rf8 1-0

[Event "TCh-TUR 2011"]
[Site "Konya TUR"]
[Date "2011.06.29"]
[Round "2"]
[White "Baglan, Esat"]
[Black "Donmez, Batuhan"]
[Result "0-1"]
[WhiteElo "1807"]
[BlackElo "1849"]
[WhiteTeam "Isek Aquamatch S.K."]
[BlackTeam "Bursa Tophane Meslek Lisesi S.K."]
[WhiteFideId "6309216"]
[BlackFideId "6326277"]
[EventDate "2011.06.28"]

1. e4 c5 2. Nc3 d6 3. f4 Nf6 4. Nf3 g6 5. Bb5+ Bd7 6. Bxd7+ Qxd7 7. O-O Bg7 8.
d3 O-O 9. Qe1 Nc6 10. f5 Rae8 11. Qh4 b5 12. Bh6 Ne5 13. Ng5 Bxh6 14. Qxh6 Neg4
15. Qh4 Kg7 16. h3 Ne5 17. Nd5 h6 18. Nf3 Nxd5 19. exd5 Qxf5 20. Rae1 Nxf3+ 21.
Rxf3 Qxd5 22. Rxe7 g5 23. Qe1 Qd4+ 24. Kh1 Rxe7 25. Qxe7 Qe5 26. Qxa7 Qxb2 27.
Qd7 Qa1+ 28. Kh2 Qe5+ 29. Kh1 b4 30. Rf1 Qe6 31. Qc6 Re8 32. Qf3 Re7 33. Kh2 Ra7
34. d4 Rxa2 35. d5 Qe5+ 36. Kh1 f6 37. Qd3 Ra1 38. Rxa1 Qxa1+ 39. Kh2 Qe5+ 40.
Kh1 f5 41. Qb5 Qe7 42. Qd3 Kg6 43. Qb5 h5 44. Qb8 Kg7 45. Qc8 g4 46. hxg4 fxg4
47. Kg1 Qe1+ 48. Kh2 Qe5+ 49. g3 Qxd5 50. Qd7+ Kf6 51. Qd8+ Ke5 52. Qg5+ Kd4 53.
c3+ Kc4 54. Qf4+ Kxc3 55. Qc1+ Kb3 56. Qb1+ Ka3 57. Qc1+ Ka4 58. Qa1+ Kb5 59.
Qa7 b3 60. Qb8+ Kc4 61. Qb6 Qd2+ 62. Kh1 Qc1+ 63. Kh2 b2 64. Qa6+ Kc3 65. Qa3+
Kd2 66. Qa6 b1=Q 0-1